| 000 | 01051nam0a22002531 4500 | ||
|---|---|---|---|
| 001 | rc\262787 | ||
| 005 | 20260406115255.0 | ||
| 035 | _a(NLR Aleph) 005468597 | ||
| 090 |
_a5024428 _c5024428 |
||
| 100 | _a20030307d1995 |||y0rusy50 ca | ||
| 101 | 0 | _arus | |
| 102 | _aRU | ||
| 105 | _aa ||||||||| | ||
| 200 | 1 |
_aРеконструкция и совершенствование несущих элементов зданий и сооружений транспорта _eСб. науч. тр. _fСиб. гос. акад. путей сообщ. _gПод ред. В.С. Казарновского |
|
| 210 |
_aНовосибирск _cИзд-во СГАПС _d1995 |
||
| 215 |
_a114 с. _cил. _d21 |
||
| 320 | _aБиблиогр. в конце ст. | ||
| 702 | 1 |
_aКазарновский _bВ.С. _4340 |
|
| 712 | 0 | 2 |
_aСибирская академия путей сообщения _cНовосибирск _3RU\NLR\AUTH\8811542 _9295777 |
| 801 | 0 |
_aRU _bNLR _gpsbo |
|
| 801 | 1 |
_aRU _bELAR _2rusmarc |
|
| 852 |
_aNLR _j96-3/2582 |
||
| 942 | _cBOOK | ||
| 980 | _aNB | ||